| 000 | 00397nam a2200133Ia 4500 | ||
|---|---|---|---|
| 008 | 170221s9999 xx 000 0 und d | ||
| 100 | _aAdam Steen | ||
| 245 | _aMicrocap M&A: An Exploratory Study | ||
| 245 | _cAdam Steen, Keith Turpie, and Gee Wan Ng | ||
| 260 | _c2016 | ||
| 300 | _a5 : 5 | ||
| 650 | _xBusiness | ||
| 856 | _uhttp://ro.uow.edu.au/cgi/viewcontent.cgi?article=1479&context=aabfj | ||
| 999 |
_c313440 _d313440 |
||